000 00294nam a22000977a 4500
008 240220b |||||||| |||| 00| 0 eng d
082 _aDG
_bESA GORO
100 1 0 _aGordon Micro, José
_eautor
_943475
245 _aLa oveja electrica:
_by la memoria del universo /
_cJosé Gordon Micro
942 _2ddc
999 _c30675
_d17059